000 00998nam a22002417a 4500
001 9297
003 FISKH
005 20251209112907.0
008 251209b cb ||||| |||| 00| 0 eng d
020 _a9789996345029
040 _aFISKH
_beng
_cFISKH
_dFISKH
050 _aPZ7
082 _a741.5
100 _aLipp , Fred
245 _aSky :
_bOne girl in a million /
_cStory : Fred Lipp : Illustrated by : Kristine Hakim
250 _aOpenbook Editions copyright first edition 2012
260 _aPhnom Penh :
_bOpen Book NGO ,
_c2010.
300 _a33 pages :
_bcolor illustrations ;
_c33 cm .
520 _aBased on a true story which happened in 2010 in Cambodia, this graphic novel invites us to travel around the beautiful city of Phnom Penh . Sky , a young cambodian girl , wants to be a Tuk-Tuk driver . As she attempts to fulfill her dream , will she be able to overcome the challenges ?
700 _aHakim , Kristine
_eIllustrator
942 _2ddc
_cBK
_n0
999 _c9297
_d9297